| 000 | 00883nam a22002297a 4500 | ||
|---|---|---|---|
| 003 | OSt | ||
| 005 | 20230127132502.0 | ||
| 008 | 221006b |||||||| |||| 00| 0 eng d | ||
| 020 | _a978 0 9549119 2 8 | ||
| 040 | _cBiblioteca Lado V | ||
| 082 |
_a730 _bH548d |
||
| 100 |
_913 _aHerkenhoff, Paulo _etextos |
||
| 245 | _aDaniel Silver/ | ||
| 260 |
_c2007 _bArts Council England _aIrlanda |
||
| 300 |
_c22x27cm _a112p. |
||
| 505 |
_tArchitecture for Latitude _tBruno Stagno and Architectural Biodiversity _tBruno Stagno _tProjects and Buildings _tCommercial _tFinancial _tResidential _tEducational _tCommunity _tAcknowledgements |
||
| 650 |
_2Tesauro de Arte & Arquitectura _aARTE |
||
| 650 |
_2Tesauro de Arte & Arquitectura _aESCULTURA |
||
| 650 |
_2Tesauro de Arte & Arquitectura _aTEORIA |
||
| 700 |
_aRobinson, Alistair _etextos |
||
| 942 |
_2ddc _c1 _h730 _iH548d _n0 |
||
| 999 |
_c2971 _d2971 |
||